[Event "Tourn. n10293"]
[Site "www.echecsemail.com"]
[Date "2020.02.14"]
[Round "1"]
[White "Roque1"]
[Black "Filidor"]
[WhiteElo "1820"]
[BlackElo "1649"]
[Result "0-1"]
[Round "1"]
1.e4 c5
2.Ng1f3 Nb8c6
3.d4 cxd4
4.Nf3xd4 Ng8f6
5.Nb1c3 e5
6.Nd4b3 Bf8b4
7.Bc1d2 d6
8.Bf1e2 Bb4xc3
9.Bd2xc3 Nf6xe4
10.Be2d3 Ne4xc3
11.bxc3 O-O
12.O-O Bc8e6
13.Nb3d2 f5
14.Qd1h5 Qd8f6
15.Nd2f3 h6
16.Nf3h4 e4
17.Bd3b5 Be6f7
18.Qh5xf5 Qf6xh4
19.a4 Nc6e5
20.Ra1d1 Bf7a2
21.Qf5xf8 Ra8xf8
22.Rd1xd6 Ne5g4
23.f4 Qh4xh2

0-1

[Event "Tourn. n10270"]
[Site "www.echecsemail.com"]
[Date "2020.02.14"]
[Round "1"]
[White "Malbertan"]
[Black "Francesco"]
[WhiteElo "2070"]
[BlackElo "2000"]
[Result "1-0"]
[Round "1"]
1.e4 c6
2.d4 d5
3.Nb1c3 dxe4
4.Nc3xe4 Bc8f5
5.Ne4g3 Bf5g6
6.h4 h6
7.h5 Bg6h7
8.Bf1d3 Bh7xd3
9.Qd1xd3 e6
10.Ng1f3 Nb8d7
11.Bc1f4 Ng8f6
12.O-O-O Qd8a5
13.Kb1 Nf6d5
14.Bf4d2 Qa5b6
15.c4 Nd5b4
16.Qd3b3 Nb4a6
17.Qb3xb6 Nd7xb6
18.b3 O-O-O
19.Bd2e3 Kc7
20.Nf3e5 f6
21.Ne5f7 Bf8b4
22.Nf7xd8 Rh8xd8
23.Ng3e2 Na6b8
24.Be3f4 Kc8
25.Bf4xb8 Kxb8
26.Kb2 Bb4e7
27.Ne2f4 Nb6d7
28.Nf4xe6 Rd8g8
29.d5 cxd5
30.cxd5 Be7c5
31.Ne6xc5 Nd7xc5
32.Rh1e1 Kc7
33.d6 Kd7
34.Re1e7 Kc6
35.d7 { resign }
1-0

[Event "Match"]
[Site "www.echecsemail.com"]
[Date "2020.02.14"]
[Round "1"]
[White "Geodad5"]
[Black "Mb20"]
[WhiteElo "2060"]
[BlackElo "1969"]
[Result "1/2-1/2"]
[Round "1"]
1.e4 c5
2.Ng1f3 d6
3.d4 cxd4
4.Nf3xd4 Ng8f6
5.Nb1c3 a6
6.Bf1e2 e5
7.Nd4b3 Bf8e7
8.O-O O-O
9.Bc1e3 Bc8e6
10.Nc3d5 Nb8d7
11.Nd5xe7 Qd8xe7
12.Be2d3 b5
13.Qd1e2 Ra8c8
14.h3 Be6c4
15.Nb3d2 Bc4xd3
16.cxd3 Nd7c5
17.Ra1c1 Nc5e6
18.Nd2f3 Nf6d7
19.Nf3h2 h6
20.Qe2g4 Nd7f6
21.Qg4g3 Nf6h5
22.Qg3f3 Nh5f6
23.Nh2g4 Nf6xg4
24.Qf3xg4 Qe7f6
25.Rc1xc8 Rf8xc8
26.f4 exf4
27.Be3xf4 Qf6xb2
28.Rf1f3 Kh8
29.Bf4e3 Rc8c7
30.Rf3g3 Qb2a1
31.Kh2 Rc7c2
32.d4 Rc2e2
33.d5 Re2e1
34.Rg3f3 Ne6g5
35.Be3xg5 hxg5
36.Qg4h5 Kg8
37.Qh5xf7 Kh7
{ draw }
1/2-1/2

[Event "1/64 Finale"]
[Site "www.chess-mail.com"]
[Date "2020.02.14"]
[Round "1"]
[White "Bevittsmith"]
[Black "Claudia"]
[WhiteElo "2310"]
[BlackElo "2130"]
[Result "1/2-1/2"]
[Round "1"]
1.e4 c5
2.Ng1f3 d6
3.d4 cxd4
4.Nf3xd4 Ng8f6
5.Nb1c3 e6
6.Bf1e2 a6
7.O-O Bf8e7
8.f4 Qd8c7
9.a4 O-O
10.Bc1e3 b6
11.Be2f3 Bc8b7
12.e5 dxe5
13.fxe5 Nf6d7
14.Bf3xb7 Qc7xb7
15.Nd4f3 Nb8c6
16.Be3f4 Ra8d8
17.Qd1e2 Nd7c5
18.Ra1d1 Rd8xd1
19.Rf1xd1 Rf8d8
20.Rd1xd8 Be7xd8
21.b3 Qb7d7
22.Qe2d2 { draw }
1/2-1/2

[Event "Match"]
[Site "www.echecsemail.com"]
[Date "2020.02.15"]
[Round "1"]
[White "Johndyson"]
[Black "Mb20"]
[WhiteElo "2619"]
[BlackElo "1809"]
[Result "1-0"]
[Round "1"]
1.Ng1f3 Ng8f6
2.c4 g6
3.g3 Bf8g7
4.d4 O-O
5.Bf1g2 c6
6.O-O d5
7.b3 Nf6e4
8.Bc1b2 Bc8f5
9.Nf3h4 e6
10.Nb1d2 Ne4xd2
11.Qd1xd2 Nb8d7
12.cxd5 cxd5
13.f3 Qd8b6
14.e4 dxe4
15.fxe4 Bf5g4
16.h3 e5
17.hxg4 exd4
18.Ra1d1 Ra8d8
19.Nh4f3 d3
20.Kh2 Bg7xb2
21.Qd2xb2 Nd7c5
22.e5 Qb6a6
23.Nf3g5 Nc5e6
24.Rf1f6 { resign }
1-0

[Event "Match"]
[Site "www.echecsemail.com"]
[Date "2020.02.15"]
[Round "1"]
[White "Mb20"]
[Black "Babedad"]
[WhiteElo "1809"]
[BlackElo "2150"]
[Result "1/2-1/2"]
[Round "1"]
1.d4 Ng8f6
2.c4 e6
3.Ng1f3 b6
4.g3 Bc8b7
5.Bf1g2 Bf8e7
6.O-O O-O
7.Nb1c3 d5
8.b3 Nf6e4
9.Bc1b2 Ne4xc3
10.Bb2xc3 Nb8d7
11.Rf1e1 Nd7f6
12.Nf3d2 Rf8e8
13.e4 dxe4
14.Bg2xe4 Bb7xe4
15.Nd2xe4 Nf6xe4
16.Re1xe4 Be7f6
17.Qd1f3 a5
18.Ra1e1 h6
19.d5 Bf6xc3
20.Qf3xc3 Qd8d6
21.dxe6 { draw }
1/2-1/2

[Event "Tourn. n10261"]
[Site "www.echecsemail.com"]
[Date "2020.02.15"]
[Round "1"]
[White "Chessutopia"]
[Black "D4minance"]
[WhiteElo "2329"]
[BlackElo "2880"]
[Result "1/2-1/2"]
[Round "1"]
1.b3 e5
2.Bc1b2 Nb8c6
3.Ng1f3 e4
4.Nf3d4 Nc6xd4
5.Bb2xd4 d5
6.e3 Bc8f5
7.d3 Ng8f6
8.Nb1d2 Bf8e7
9.Bf1e2 Qd8d7
10.dxe4 dxe4
11.Qd1c1 O-O-O
12.Qc1b2 Bf5g4
13.f3 exf3
14.gxf3 Bg4h5
15.O-O-O Rh8e8
16.Kb1 a6
17.a3 Be7f8
18.Rh1e1 Nf6d5
19.Nd2e4 Qd7h3
20.Bd4xg7 Bf8xg7
21.Qb2xg7 Bh5g6
22.Kb2 Qh3h5
23.h4 Qh5xh4
24.Be2c4 Nd5b6
25.Bc4d3 Qh4e7
26.Qg7f6 Nb6d5
27.Qf6xe7 Re8xe7
28.Bd3c4 c6
29.Bc4xd5 cxd5
30.Ne4g3 Rd8e8
31.e4 dxe4
32.Ng3xe4 Re8d8
33.Rd1xd8 Kxd8
34.Kc3 f5
35.Re1d1 Re7d7
36.Rd1xd7 Kxd7
37.Ne4c5 Kc6
38.Kd4 h5
39.Nc5d3 h4
40.Nd3f4 Kd6
41.c4 Bg6e8
42.b4 Be8d7
43.Ke3 Bd7a4
44.c5 Kc6
45.Nf4e2 Ba4d1
46.Ne2c3 Bd1c2
47.f4 h3
{ draw }
1/2-1/2

[Event "Match"]
[Site "www.echecsemail.com"]
[Date "2020.02.15"]
[Round "1"]
[White "Picifarkinca"]
[Black "Odin"]
[WhiteElo "1920"]
[BlackElo "1800"]
[Result "0-1"]
[Round "1"]
1.d4 Ng8f6
2.Ng1f3 d5
3.c4 Bc8g4
4.Nb1c3 c6
5.cxd5 cxd5
6.Nf3e5 Bg4h5
7.Qd1b3 b6
8.Bc1f4 e6
9.e3 Bf8e7
10.Qb3b5 Nf6d7
11.Bf1d3 O-O
12.Ne5c6 Nb8xc6
 { time }
0-1

[Event "Tourn. n10286"]
[Site "www.echecsemail.com"]
[Date "2020.02.15"]
[Round "1"]
[White "Pariolinius"]
[Black "Aders1"]
[WhiteElo "1980"]
[BlackElo "2300"]
[Result "0-1"]
[Round "1"]
1.d4 Ng8f6
2.c4 g6
3.Nb1c3 Bf8g7
4.Ng1f3 O-O
5.e4 d6
6.Bf1e2 e5
7.d5 Nb8d7
8.O-O Nd7c5
9.Qd1c2 a5
10.a4 Nf6d7
11.Bc1g5 f6
12.Bg5h4 Nc5a6
13.Nc3a2 Qd8e8
14.Ra1b1 Nd7c5
15.b4 axb4
16.Na2xb4 Qe8xa4
17.Qc2xa4 Nc5xa4
18.Nb4xa6 bxa6
19.Rf1c1 Na4c5
20.Nf3d2 f5
21.f3 Bg7h6
22.Rc1d1 Bh6xd2
23.Rd1xd2 fxe4
24.fxe4 Nc5xe4
25.Rd2b2 Bc8f5
26.Rb2b7 Ne4c3
27.Rb1e1 Rf8f7
28.Be2f1 a5
29.Re1e3 Nc3a2
30.Bh4e1 a4
31.Re3a3 Ra8f8
32.Ra3xa2 Bf5c8
{ resign }
0-1

[Event "Tourn. n10241"]
[Site "www.echecsemail.com"]
[Date "2020.02.15"]
[Round "1"]
[White "Tartan"]
[Black "Wd40"]
[WhiteElo "2480"]
[BlackElo "2760"]
[Result "0-1"]
[Round "1"]
1.d4 Ng8f6
2.c4 b6
3.Ng1f3 e6
4.Nb1c3 Bc8b7
5.a3 d5
6.Bc1g5 Bf8e7
7.e3 O-O
8.Ra1c1 h6
9.Bg5xf6 Be7xf6
10.cxd5 exd5
11.Bf1d3 Nb8d7
12.O-O c5
13.Bd3f5 Rf8e8
14.Qd1a4 Nd7f8
15.Rf1d1 Nf8e6
16.dxc5 bxc5
17.b4 Bf6xc3
18.Bf5xe6 Re8xe6
19.Rc1xc3 c4
20.Nf3d4 Re6g6
21.Rc3c1 Bb7c8
22.Kh1 Bc8g4
23.f3 Bg4d7
24.Qa4c2 Qd8g5
25.f4 Qg5e7
26.e4 dxe4
27.Qc2xc4 Ra8c8
28.Qc4d5 Rc8xc1
29.Rd1xc1 Rg6d6
30.Qd5a8 Kh7
31.Qa8xa7 Qe7f6
32.Nd4e2 Rd6d2
33.Qa7e3 Qf6b2
34.Rc1e1 f5
35.Ne2g3 Rd2xg2
36.Ng3e2 Rg2g6
37.Re1g1 Rg6a6
38.Rg1g3 Ra6d6
39.Rg3g2 Rd6d2
40.h4 Rd2d3
41.Qe3c1 Qb2f6
{ resign }
0-1

[Event "Tourn. n10274"]
[Site "www.echecsemail.com"]
[Date "2020.02.15"]
[Round "1"]
[White "Picifarkinca"]
[Black "Cal"]
[WhiteElo "1890"]
[BlackElo "1740"]
[Result "0-1"]
[Round "1"]
1.e4 e5
2.Ng1f3 d6
3.c4 c5
4.Nb1c3 h6
5.Bf1e2 Ng8f6
6.d3 a6
7.O-O Bc8g4
8.Nc3d5 Nf6xd5
9.exd5 f5
10.Nf3e1 Bg4xe2
11.Qd1xe2 g6
12.f4 Nb8d7
13.fxe5 dxe5
14.Ne1f3 Bf8d6
15.Bc1f4 Qd8f6
16.Ra1e1 O-O-O
17.Bf4d2 g5
 { time }
0-1

[Event "Tourn. n10192"]
[Site "www.echecsemail.com"]
[Date "2020.02.15"]
[Round "1"]
[White "Theos666"]
[Black "Fereike"]
[WhiteElo "1370"]
[BlackElo "1820"]
[Result "0-1"]
[Round "1"]
1.g3 Ng8f6
2.Bf1g2 d5
3.d3 c6
4.Ng1f3 g6
5.O-O Bf8g7
6.a3 O-O
7.Nb1c3 Nb8d7
8.e3 e5
9.b3 Rf8e8
10.h3 e4
11.Nf3d4 c5
12.Nd4b5 Nd7f8
13.Qd1e2 a6
 { time }
0-1

[Event "Tourn. n10263"]
[Site "www.echecsemail.com"]
[Date "2020.02.15"]
[Round "1"]
[White "Picifarkinca"]
[Black "Passaroa25"]
[WhiteElo "1870"]
[BlackElo "1670"]
[Result "0-1"]
[Round "1"]
1.d4 Ng8f6
2.g3 Nb8c6
3.Bf1g2 d5
4.Ng1f3 Bc8d7
5.O-O e6
6.Bc1g5 h6
7.Bg5c1 Bf8e7
8.Nb1d2 O-O
9.c4 Nc6b4
10.a3 Nb4a6
11.b4 Qd8e8
12.c5 c6
13.Bc1b2 Na6c7
14.Qd1c2 Nf6h7
15.e4 Nh7f6
16.e5 Nf6h7
17.Ra1e1 Nc7b5
18.a4 Nb5c7
19.Qc2d3 Nc7a6
20.Bb2c3 Na6c7
21.Re1b1 Nh7g5
 { time }
0-1

[Event "Tourn. n10291"]
[Site "www.echecsemail.com"]
[Date "2020.02.15"]
[Round "1"]
[White "Johnmcbride"]
[Black "Malbertan"]
[WhiteElo "1810"]
[BlackElo "2060"]
[Result "1/2-1/2"]
[Round "1"]
1.e4 Nb8c6
2.d4 Ng8f6
3.e5 Nf6g8
4.Bc1e3 e6
5.c3 d6
6.exd6 Bf8xd6
7.b4 Ng8f6
8.h3 O-O
9.Bf1d3 Nf6d5
10.Be3d2 Qd8h4
11.Ng1f3 Qh4e7
12.O-O f6
13.a3 Qe7f7
14.Bd2c1 e5
15.c4 Nd5f4
16.Bc1xf4 exf4
17.c5 Bd6e7
18.Nb1d2 { draw }
1/2-1/2

[Event "Tourn. n10274"]
[Site "www.echecsemail.com"]
[Date "2020.02.15"]
[Round "1"]
[White "Passaroa25"]
[Black "Picifarkinca"]
[WhiteElo "1720"]
[BlackElo "1890"]
[Result "1-0"]
[Round "1"]
1.Nb1c3 d5
2.d4 Ng8f6
3.f3 Bc8f5
4.Bc1e3 Nb8d7
5.Qd1d2 c6
6.O-O-O e5
7.a3 Bf8e7
8.Ng1h3 Bf5xh3
9.gxh3 O-O
10.Be3f2 Nf6e8
11.Kb1 Qd8c7
12.dxe5 Qc7xe5
13.e3 Be7f6
14.Bf2g3 Qe5e6
15.f4  { time }
1-0

[Event "Match"]
[Site "www.echecsemail.com"]
[Date "2020.02.15"]
[Round "1"]
[White "Whitekknight"]
[Black "Patriciomeza"]
[WhiteElo "1850"]
[BlackElo "1809"]
[Result "0-1"]
[Round "1"]
1.e4 Ng8f6
2.Nb1c3 d5
3.e5 Nf6d7
4.d4 c5
5.Ng1f3 e6
6.Bc1e3 cxd4
7.Be3xd4 Nb8c6
8.Nc3b5 a6
9.Nb5c3 Qd8c7
10.Bf1d3 Nc6xd4
11.Nf3xd4 Nd7xe5
12.a3 Ne5xd3
13.Qd1xd3 Bf8d6
14.Nd4f3 O-O
15.O-O Bc8d7
16.Qd3d2 Ra8c8
17.Ra1c1 Bd6f4
18.Qd2d1 Bf4xc1
19.Qd1xc1 h6
20.Rf1e1 f6
21.Qc1e3 Qc7c5
22.Qe3xc5 Rc8xc5
23.Re1b1 Rf8c8
24.h3 e5
25.Rb1d1 d4
26.Nc3a4 Bd7xa4
27.b3 Ba4b5
28.Nf3e1 Kf7
29.a4 Bb5d7
30.Rd1d2 a5
31.Kf1 Bd7f5
32.g4 Bf5xc2
{ resign }
0-1

[Event "Match"]
[Site "www.echecsemail.com"]
[Date "2020.02.15"]
[Round "1"]
[White "Sonny1000"]
[Black "Whitekknight"]
[WhiteElo "1630"]
[BlackElo "1850"]
[Result "1-0"]
[Round "1"]
1.e4 e5
2.Ng1e2 Ng8f6
3.f3 d5
4.Nb1c3 dxe4
5.fxe4 Nf6xe4
6.Nc3xe4 Bc8f5
7.Ne4g3 Bf5g6
8.Ne2c3 Nb8c6
9.Nc3b5 a6
10.Nb5c3 Nc6d4
11.Bf1d3 Bg6xd3
12.cxd3 Qd8f6
13.Nc3d5 Qf6d8
14.Nd5c3 Bf8e7
15.Qd1h5 Nd4c2
16.Kf1 Nc2xa1
17.Qh5xe5 O-O
18.Ng3f5 Be7f6
19.Qe5d5 Qd8xd5
20.Nc3xd5 Ra8d8
21.Nd5xf6 gxf6
22.Kf2 Na1c2
23.Nf5h6 Kg7
24.Nh6f5 Kh8
25.b3 Rd8xd3
26.Bc1b2 Nc2b4
27.Bb2xf6 { resign }
1-0

[Event "Tourn. n10263"]
[Site "www.echecsemail.com"]
[Date "2020.02.15"]
[Round "1"]
[White "Cal"]
[Black "Picifarkinca"]
[WhiteElo "1690"]
[BlackElo "1870"]
[Result "1-0"]
[Round "1"]
1.Ng1f3 c5
2.e4 Nb8c6
3.c3 d5
4.exd5 Qd8xd5
5.d3 Bc8g4
6.Bf1e2 Ra8d8
7.h3 Bg4xf3
8.Be2xf3 Qd5xd3
9.Bc1d2 Ng8f6
10.Bf3e2 Qd3d5
11.O-O Nf6e4
12.Be2f3 Qd5d3
13.Rf1e1 Ne4xd2
14.Nb1xd2 Qd3xd2
15.Qd1b3 Qd2d7
16.Qb3c4 e6
17.a4 Bf8e7
18.Qc4g4 Be7f6
19.Ra1c1 Nc6e5
20.b3 Ne5xg4
21.hxg4 O-O
22.Rc1d1 Qd7xd1
23.Re1xd1 Rd8xd1
24.Bf3xd1 Bf6xc3
25.f4 Bc3d4
26.Kh2 Bd4f2
27.Bd1c2 Rf8d8
28.Bc2e4  { time }
1-0

[Event "Tourn. n10279"]
[Site "www.echecsemail.com"]
[Date "2020.02.16"]
[Round "1"]
[White "Fegatux"]
[Black "Esperanza"]
[WhiteElo "2270"]
[BlackElo "2060"]
[Result "0-1"]
[Round "1"]
1.d4 Ng8f6
2.Nb1c3 d5
3.Bc1g5 Nb8d7
4.f3 e6
5.e4 Bf8b4
6.Bf1d3 h6
7.Bg5h4 g5
8.Bh4f2 c5
9.e5 Nf6h5
10.Ng1h3 Qd8a5
11.Qd1d2 a6
12.O-O cxd4
13.Bf2xd4 Bb4c5
 { time }
0-1

[Event "Tourn. n10250"]
[Site "www.echecsemail.com"]
[Date "2020.02.16"]
[Round "1"]
[White "Rons"]
[Black "Seger"]
[WhiteElo "2590"]
[BlackElo "2830"]
[Result "1/2-1/2"]
[Round "1"]
1.e4 e5
2.Ng1f3 Nb8c6
3.Bf1b5 a6
4.Bb5a4 Ng8f6
5.O-O b5
6.Ba4b3 Bf8e7
7.Rf1e1 d6
8.c3 O-O
9.h3 Bc8b7
10.d4 Rf8e8
11.Nf3g5 Re8f8
12.Ng5f3 Rf8e8
13.Nb1d2 Be7f8
14.a3 h6
15.Bb3c2 Nc6b8
16.a4 Nb8d7
17.Bc2d3 d5
18.axb5 dxe4
19.Nd2xe4 Nf6xe4
20.Bd3xe4 Bb7xe4
21.Re1xe4 axb5
22.Ra1xa8 Qd8xa8
23.Re4e1 exd4
24.Nf3xd4 Re8xe1
25.Qd1xe1 Qa8d5
26.Bc1e3 Nd7b6
27.Qe1e2 b4
28.cxb4 Bf8xb4
29.b3 Bb4c5
30.Qe2d3 g6
31.Qd3b5 Kh7
32.Qb5a5 Qd5d6
33.Nd4f5 Qd6d1
34.Kh2 Bc5f8
35.Nf5d4 h5
36.Qa5g5 Qd1d3
37.Qg5f6 Kg8
38.Qf6d8 Qd3e4
39.g3 Qe4e7
40.Qd8xe7 Bf8xe7
41.Kg2 Nb6d5
42.Kf3 f5
43.Nd4c6 Be7f6
44.Be3f4 Kf7
45.Bf4e5 Bf6xe5
46.Nc6xe5 Kf6
47.Ne5c4 g5
48.Ke2 Ke6
{ draw }
1/2-1/2

[Event "Match"]
[Site "www.echecsemail.com"]
[Date "2020.02.16"]
[Round "1"]
[White "Mb20"]
[Black "Micheles"]
[WhiteElo "1809"]
[BlackElo "2620"]
[Result "1/2-1/2"]
[Round "1"]
1.d4 Ng8f6
2.c4 g6
3.Nb1c3 d5
4.cxd5 Nf6xd5
5.e4 Nd5xc3
6.bxc3 Bf8g7
7.Bf1c4 c5
8.Ng1e2 Nb8c6
9.O-O O-O
10.Bc1e3 Qd8c7
11.Ra1c1 Rf8d8
12.Qd1c2 Nc6a5
13.Bc4b3 Na5xb3
14.Qc2xb3 b6
15.h3 Bc8a6
16.Rf1e1 e6
17.Qb3a4 Ba6d3
18.e5 b5
19.Qa4d1 Bd3c4
20.Qd1c2 Qc7a5
21.f4 { draw }
1/2-1/2

[Event "1/64 Finale"]
[Site "www.chess-mail.com"]
[Date "2020.02.16"]
[Round "1"]
[White "Claudia"]
[Black "Fereike"]
[WhiteElo "2110"]
[BlackElo "1670"]
[Result "1-0"]
[Round "1"]
1.d4 Ng8f6
2.c4 e5
3.dxe5 Nf6g4
4.Ng1f3 Bf8c5
5.e3 Nb8c6
6.Bc1d2 a5
7.Bd2c3 Qd8e7
8.Bf1e2 Nc6xe5
9.Nf3xe5 Ng4xe5
10.Nb1d2 O-O
11.Nd2e4 Bc5a7
12.O-O d6
13.Bc3d4 Bc8e6
14.b3 Ba7xd4
15.Qd1xd4 Ne5c6
16.Qd4d3 Be6f5
17.f3 Rf8e8
18.Qd3d2 Bf5xe4
19.fxe4 Qe7xe4
20.Rf1f3 Nc6d4
21.exd4 Qe4xe2
22.Qd2f4 Re8f8
23.Rf3g3 Qe2e6
24.Ra1f1 d5
25.Qf4g5 g6
26.cxd5 Qe6e4
27.Rg3g4 Qe4d3
28.Qg5h6 Ra8e8
29.Rg4f4  { time }
1-0

[Event "1/128 Finale"]
[Site "www.chess-mail.com"]
[Date "2020.02.16"]
[Round "1"]
[White "Picifarkinca"]
[Black "Claudia"]
[WhiteElo "1870"]
[BlackElo "2110"]
[Result "0-1"]
[Round "1"]
1.e4 c5
2.Nb1c3 d6
3.Ng1e2 e6
4.g3 Ng8f6
5.Bf1g2 Bf8e7
6.O-O O-O
7.d4 cxd4
8.Ne2xd4 a6
9.Kh1 Qd8c7
10.f4 Nb8c6
11.Bc1e3 Bc8d7
12.Nd4xc6 Bd7xc6
13.Be3d4 b5
14.a3 a5
15.Qd1e2 b4
16.axb4 axb4
17.Ra1xa8 Rf8xa8
18.Nc3d1 Qc7b7
19.e5 dxe5
20.Bd4xe5 Ra8a1
21.Nd1e3 Ra1xf1
22.Qe2xf1 Bc6xg2
23.Qf1xg2 Qb7xg2
24.Kxg2 Kf8
25.h3 Ke8
26.Kf3 Kd7
 { time }
0-1

[Event "Match"]
[Site "www.echecsemail.com"]
[Date "2020.02.17"]
[Round "1"]
[White "Luke1302"]
[Black "Coraza"]
[WhiteElo "1370"]
[BlackElo "1760"]
[Result "0-1"]
[Round "1"]
1.e4 e5
2.Qd1e2 Ng8f6
3.g4 g5
4.b3 d6
5.Bc1b2 Bc8xg4
6.f3 Bg4h5
7.Qe2b5 Nb8c6
8.Qb5a4 Qd8d7
9.Bf1c4 Bf8g7
10.Bc4b5 O-O
11.Bb5xc6 bxc6
12.Ng1e2 Qd7h3
 { time }
0-1

[Event "Tourn. n10280"]
[Site "www.echecsemail.com"]
[Date "2020.02.17"]
[Round "1"]
[White "Numanoid"]
[Black "Fegatux"]
[WhiteElo "2770"]
[BlackElo "2270"]
[Result "1-0"]
[Round "1"]
1.e4 e6
2.d4 d5
3.e5 c5
4.c3 Nb8c6
5.Ng1f3 Qd8b6
6.Bf1e2 Ng8h6
7.Bc1xh6 gxh6
8.Qd1d2 Bf8g7
9.O-O O-O
10.Nb1a3 a6
11.Na3c2 Bc8d7
12.Be2d3 c4
{ time. }
1-0

[Event "Tourn. n10286"]
[Site "www.echecsemail.com"]
[Date "2020.02.17"]
[Round "1"]
[White "Fantomas"]
[Black "Pariolinius"]
[WhiteElo "2190"]
[BlackElo "2000"]
[Result "1-0"]
[Round "1"]
1.e4 c5
2.Ng1f3 d6
3.Nb1c3 a6
4.d4 cxd4
5.Nf3xd4 Ng8f6
6.Bf1e2 e6
7.O-O Bf8e7
8.Bc1e3 Bc8d7
9.h3 Nb8c6
10.f4 Ra8c8
11.Nd4b3 b5
12.Be2f3 O-O
13.Qd1d2 b4
14.Nc3e2 a5
15.Nb3d4 Qd8c7
16.Nd4b5 Qc7d8
17.Nb5xd6 Rc8b8
18.e5 Nf6e8
19.Nd6xe8 Qd8xe8
20.Ra1d1 Rb8d8
21.Be3b6 Rd8b8
22.Bb6c7 Rb8c8
23.Qd2xd7 Qe8xd7
24.Rd1xd7 Be7c5
25.Kh1 Nc6b8
26.Bc7xb8 Rc8xb8
27.Rf1d1 Bc5b6
28.Bf3e4 Rb8c8
29.g3 g6
30.Kg2 Rc8c4
31.Kf3 h5
32.Rd1d6 Bb6c5
33.Rd6c6 a4
34.Rd7c7 Rf8d8
35.Rc6xc5 Rc4xc5
36.Rc7xc5 { resign }
1-0

[Event "Tourn. n10287"]
[Site "www.echecsemail.com"]
[Date "2020.02.17"]
[Round "1"]
[White "Dussek"]
[Black "Roque1"]
[WhiteElo "1900"]
[BlackElo "1770"]
[Result "0-1"]
[Round "1"]
1.e4 c5
2.Ng1f3 e6
3.d4 cxd4
4.Nf3xd4 Nb8c6
5.Nb1c3 Bf8b4
6.Bc1e3 Ng8f6
7.Nd4xc6 bxc6
8.Bf1d3 O-O
9.f3 d5
10.Qd1d2 d4
11.e5 dxe3
12.Qd2xe3 Nf6d5
13.Qe3d2 Qd8a5
14.O-O Nd5xc3
15.bxc3 Bb4xc3
16.Bd3xh7 Kxh7
17.Qd2d3 g6
18.Ra1e1 Bc3xe1
19.Qd3e4 Bc8a6
20.Qe4xe1 Qa5xe1
21.Rf1xe1 Ra8b8
22.Kf2 Rb8b2
23.Kg3 Rb2xc2
24.Re1e4 Rc2xa2
25.Re4h4 Kg7
26.Rh4g4 Ba6f1
27.Kh3 Rf8h8
{ resign }
0-1

[Event "Match"]
[Site "www.echecsemail.com"]
[Date "2020.02.17"]
[Round "1"]
[White "Guidom"]
[Black "Roma753"]
[WhiteElo "2070"]
[BlackElo "2120"]
[Result "0-1"]
[Round "1"]
1.e4 e6
2.d4 d5
3.exd5 exd5
4.Ng1f3 Bf8d6
5.Bf1e2 Ng8f6
6.O-O O-O
7.c3 c6
8.Bc1g5 Bc8g4
9.h3 Bg4f5
10.Nb1d2 Rf8e8
11.Nf3h4 Bf5d7
12.Be2g4 h6
13.Bg5xf6 Qd8xf6
14.Bg4xd7 Nb8xd7
15.Qd1g4 Nd7b6
16.Rf1e1 Nb6a4
17.Re1xe8 Ra8xe8
18.Ra1b1 h5
19.Qg4xh5 Na4xb2
20.Rb1xb2 Re8e1
21.Nd2f1 Qf6f4
22.Nh4f3 Re1xf1
23.Kxf1 Qf4c1
24.Nf3e1 Qc1xb2
25.Qh5f5 Qb2xc3
26.Qf5c8 Bd6f8
27.Qc8xb7 Qc3c4
28.Kg1 Qc4xd4
29.Qb7xc6 Qd4a1
30.Kf1 Qa1xa2
31.g3 a5
32.Ne1f3 Qa2b1
33.Kg2 Qb1e4
34.Qc6c3 a4
35.Kh2 a3
36.Nf3d4 a2
37.Nd4b3 Qe4e2
38.Qc3d4 g6
39.Qd4f6 Bf8g7
40.Qf6d8 Kh7
41.Qd8h4 Qe2h5
42.Qh4a4 Qh5e2
43.Qa4h4 Bg7h6
44.Qh4f6 Qe2d1
45.Nb3a1 Bh6g7
46.Qf6h4 Kg8
47.Qh4d8 Bg7f8
48.Qd8f6 d4
49.Na1c2 Qd1xc2
50.Qf6xd4 Qc2b1
51.h4 a1Q
{ resign }
0-1

[Event "Tourn. n10278"]
[Site "www.echecsemail.com"]
[Date "2020.02.17"]
[Round "1"]
[White "Coolant"]
[Black "Tartan"]
[WhiteElo "2330"]
[BlackElo "2440"]
[Result "0-1"]
[Round "1"]
1.g4 d5
2.Bf1g2 c6
3.h3 e5
4.d3 h5
5.g5 Bc8e6
6.h4 Nb8d7
7.Nb1c3 Bf8d6
8.e4 Ng8e7
9.Bg2f3 d4
10.Nc3e2 Qd8a5
11.Bc1d2 Qa5b6
12.b3 O-O-O
13.Ne2g3 g6
14.Bf3g2 Kb8
15.Bg2h3 Be6xh3
16.Ng1xh3 Bd6b4
17.a3 Bb4xd2
18.Qd1xd2 c5
19.Ke2 f5
20.f3 Qb6e6
21.Nh3f2 Rh8f8
22.Ra1f1 f4
{ resign }
0-1

[Event "Tourn. n10288"]
[Site "www.echecsemail.com"]
[Date "2020.02.17"]
[Round "1"]
[White "Coolant"]
[Black "Tartan"]
[WhiteElo "2370"]
[BlackElo "2440"]
[Result "0-1"]
[Round "1"]
1.d4 Ng8f6
2.Nb1c3 d5
3.f3 e6
4.Bc1g5 Bf8e7
5.e4 O-O
6.Bf1d3 c5
7.dxc5 Nb8c6
8.Ng1e2 d4
9.Nc3a4 Qd8a5
10.c3 b5
11.Bd3xb5 Qa5xb5
12.cxd4 Bc8a6
13.Ne2c3 Qb5b7
14.Qd1d2 Ra8d8
15.Bg5e3 Nc6xd4
16.Be3xd4 e5
{ resign }
0-1

[Event "Tourn. n10286"]
[Site "www.echecsemail.com"]
[Date "2020.02.17"]
[Round "1"]
[White "Aders1"]
[Black "Bigrezi"]
[WhiteElo "2330"]
[BlackElo "2270"]
[Result "1-0"]
[Round "1"]
1.Ng1f3 d5
2.g3 Ng8f6
3.Bf1g2 e6
4.O-O c5
5.d3 Nb8c6
6.Nb1d2 Bf8d6
7.e4 Bd6c7
8.Rf1e1 O-O
9.c3 b5
10.e5 Nf6d7
11.d4 cxd4
12.cxd4 Bc7b6
13.Nd2b3 Qd8c7
14.Bc1f4 Rf8e8
15.Ra1c1 Bc8b7
16.a3 Nd7f8
17.Nb3c5 Bb6xc5
18.Rc1xc5 a6
19.Qd1d3 Nf8g6
20.Bf4d2 Qc7e7
21.b4 Ra8c8
22.h4 Nc6b8
23.Re1c1 Nb8c6
24.h5 Ng6f8
25.h6 g6
26.Bd2g5 Qe7c7
27.Nf3h2 Nf8d7
28.Rc5c3 Qc7b6
29.Bg5e3 Nc6e7
30.Nh2g4 Ne7f5
31.Qd3d2 Rc8c4
32.Bg2f1 Rc4xc3
33.Rc1xc3 Re8f8
34.Ng4h2 a5
35.Nh2f3 Rf8e8
36.Qd2c2 Nf5xe3
37.fxe3 a4
38.Qc2d3 f6
39.Qd3xb5 Qb6xb5
40.Bf1xb5 Re8d8
41.Rc3c7 Bb7c8
42.Bb5xa4 f5
43.Nf3g5 Nd7f8
44.Rc7g7 { resign }
1-0

[Event "Match"]
[Site "www.echecsemail.com"]
[Date "2020.02.17"]
[Round "1"]
[White "Johndyson"]
[Black "Gimmyg"]
[WhiteElo "2559"]
[BlackElo "2560"]
[Result "1-0"]
[Round "1"]
1.Ng1f3 Ng8f6
2.c4 e6
3.d4 Bf8b4
4.Nb1d2 O-O
5.a3 Bb4xd2
6.Bc1xd2 b6
7.g3 Bc8b7
8.Bf1g2 d6
9.O-O Nb8d7
10.b4 a5
11.b5 Ra8c8
12.Ra1c1 Rf8e8
13.Rf1e1 Bb7e4
14.Nf3h4 Be4xg2
15.Nh4xg2 e5
16.Bd2c3 Nf6e4
17.Bc3b2 Ne4g5
18.Ng2e3 Qd8f6
19.f3 Qf6h6
20.Kg2 Qh6h3
21.Kg1 h5
22.Re1f1 exd4
23.Qd1xd4 f6
24.Rc1c2 Kh8
25.Ne3d5 Nd7e5
26.Qd4d1 Ng5e6
27.e3 Ne5g6
28.e4 Ng6e7
29.Nd5f4 Ne6xf4
30.gxf4 Ne7g6
31.f5 Ng6e5
32.Rc2g2 Ne5xc4
33.Bb2c1 Qh3h4
34.Qd1d5 Nc4e5
35.Bc1d2 g5
36.fxg6 Re8g8
37.Bd2e1 Qh4f4
38.Kh1 Rc8e8
39.Be1d2 Qf4h4
40.Rf1g1 Qh4h3
41.Rg2g3 Qh3e6
42.g7 Kh7
43.Qd5d4 Ne5xf3
44.Rg3xf3 Rg8xg7
45.Rg1xg7 Kxg7
46.Bd2c3 Re8f8
47.Qd4d2 Rf8f7
48.Qd2g5 Kf8
49.Bc3xf6 Qe6xe4
50.Qg5h6 Ke8
51.Qh6xh5 { resign }
1-0

[Event "Tourn. n10280"]
[Site "www.echecsemail.com"]
[Date "2020.02.17"]
[Round "1"]
[White "Fegatux"]
[Black "Tartan"]
[WhiteElo "2270"]
[BlackElo "2440"]
[Result "0-1"]
[Round "1"]
1.d4 Ng8f6
2.Nb1c3 d5
3.f3 e6
4.e4 c5
5.Bf1b5 Bc8d7
6.Ng1e2 cxd4
7.Ne2xd4 Bf8b4
8.Bc1g5 O-O
9.O-O Bb4xc3
10.bxc3 Bd7xb5
11.Nd4xb5 Nb8d7
12.exd5 Qd8b6
13.Nb5d4 { time. }
0-1

[Event "Fast Game"]
[Site "www.echecsemail.com"]
[Date "2020.02.17"]
[Round "1"]
[White "Ardhitama"]
[Black "Hennie4820"]
[WhiteElo "1379"]
[BlackElo "1520"]
[Result "0-1"]
[Round "1"]
1.e4 c5
2.Ng1f3 e6
3.d4 cxd4
4.Nf3xd4 Ng8f6
5.Nb1c3 Qd8b6
6.f4 Bf8c5
7.Bc1e3 Nb8c6
8.Nc3a4 Qb6a5
9.c3 Bc5xd4
10.Be3xd4 Nf6xe4
11.Bd4xg7 Rh8g8
12.b4 Qa5c7
13.Bf1d3 Qc7xf4
{ resign }
0-1

[Event "Tourn. n10285"]
[Site "www.echecsemail.com"]
[Date "2020.02.18"]
[Round "1"]
[White "Apdash"]
[Black "Obisporey"]
[WhiteElo "2260"]
[BlackElo "2570"]
[Result "0-1"]
[Round "1"]
1.e4 c5
2.Ng1f3 Nb8c6
3.d4 cxd4
4.Nf3xd4 e5
5.Nd4b3 Ng8f6
6.Bf1c4 Nf6xe4
7.O-O Bf8e7
8.Rf1e1 Ne4f6
9.Nb1c3 d6
10.Nc3d5 O-O
11.f4 Nf6xd5
12.Bc4xd5 Nc6b4
13.fxe5 dxe5
14.Bd5e4 Qd8xd1
15.Re1xd1 f5
16.Be4d5 Nb4xd5
17.Rd1xd5 Be7f6
18.c3 b6
19.Bc1e3 f4
20.Be3f2 Bc8e6
21.Rd5d6 Kf7
22.Nb3d2 Ke7
23.Nd2e4 Be6f5
24.Ne4xf6 Kxd6
25.Nf6h5 g6
26.Ra1d1 Kc6
27.Nh5g7 Bf5d7
28.Rd1e1 Rf8f7
29.Ng7h5 Ra8e8
30.g3 gxh5
31.gxf4 Re8g8
32.Kf1 Bd7h3
33.Ke2 Rg8g2
{ resign }
0-1

[Event "Tourn. n10298"]
[Site "www.echecsemail.com"]
[Date "2020.02.18"]
[Round "1"]
[White "Roque1"]
[Black "Cal"]
[WhiteElo "1820"]
[BlackElo "1720"]
[Result "1-0"]
[Round "1"]
1.e4 e5
2.Ng1f3 d6
3.Bf1c4 h6
4.O-O Bc8g4
5.Nb1c3 c6
6.d4 b5
7.Bc4e2 exd4
8.Nf3xd4 Bg4xe2
9.Qd1xe2 Ng8f6
10.Bc1f4 Bf8e7
11.e5 Nf6d5
12.Nc3xd5 cxd5
13.exd6 g5
14.Bf4e5 Be7xd6
15.Be5xh8 Bd6e7
16.Bh8f6 Qd8d7
17.Ra1e1 Nb8c6
18.Nd4xc6 Qd7xc6
19.Qe2xe7 
1-0